canadian authors - Statistics

General Stats
  • This quiz has been taken 23 times
  • The average score is 5 of 9
Answer Stats
work author % Correct
The Handmaid's Tale Margaret Atwood
100%
Anne of Green Gables Lucy Maud Montgomery
80%
The English Patient Michael Ondaatje
50%
The Apprenticeship of Duddy Kravitz Mordecai Richler
50%
The Wars Timothy Findley
50%
Life of Pi Yann Martel
50%
The Cremation of Sam Mcgee Robert Service
30%
Fifth Business Robertson Davies
30%
Sunshine Sketches of a Little Town Stephen Leacock
30%
No matching quizzes found
Score Distribution
Percent of People with Each Score
Percentile by Number Answered
Your Score History
You have not taken this quiz